000
00347nam a2200145Ia 4500
008
220613s9999||||xx |||||||||||||| ||und||
020
_a
9788177395754
100
_a
A K Jain
245
0
_a
Text Book of Physiology Vol 1
250
_a
9th(2021)
260
_b
Avichal Publishing Co
300
_a
560
650
_a
Physiology
942
_c
PREC
999
_c
12279
_d
12279